Per il quinto prestito nazionale consolidato 5% : (Record no. 185258)

MARC details
000 -LEADER
campo de control de longitud fija 00570nam a2200145 i 4500
001 - NÚMERO DE CONTROL
campo de control 185258
003 - IDENTIFICADOR DE NÚMERO DE CONTROL
campo de control ES-MaACL
005 - FECHA Y HORA DE LA ÚLTIMA TRANSACCIÓN
campo de control 20230906222400.0
008 - DATOS DE LONGITUD FIJA--INFORMACIÓN GENERAL
campo de control de longitud fija 160428s1918 it |||| | ita d
245 00 - MENCIÓN DEL TÍTULO
Título Per il quinto prestito nazionale consolidato 5% :
Resto del título Consorzio bancario presieduto dal direttore generale della Banca d'Italia.
260 ## - PUBLICACIÓN, DISTRIBUCIÓN, ETC.
Lugar de publicación, distribución, etc. Roma :
Nombre del editor, distribuidor, etc. [s.n.],
Fecha de publicación, distribución, etc. 1918 (
Fabricante Tip. della Camera dei Deputati di C. Colombo)
300 ## - DESCRIPCIÓN FÍSICA
Extensión XVIII, 43 p. ;
Dimensiones 21 cm.
650 #4 - PUNTO DE ACCESO ADICIONAL DE MATERIA--TÉRMINO DE MATERIA
Término de materia o nombre geográfico como elemento de entrada Guerra mundial, 1914-1918-
Subdivisión general Aspectos económicos-
Subdivisión geográfica Italia.
9 (RLIN) 159459
852 ## - LOCALIZACIÓN
Ubicación ES-MaACL
Número de control de estantería 1535-F-19
Holdings
Estatus retirado Estado de pérdida Estado de daño No para préstamo Colección Biblioteca de origen Biblioteca actual Ubicación en estantería Fecha de adquisición Fuente de adquisición Total de préstamos Signatura topográfica completa Código de barras Visto por última vez Precio de reemplazo Tipo de ítem Koha
        Colección de folletos Biblioteca del Ateneo de Madrid Biblioteca del Ateneo de Madrid Depósito folletos 28/04/2016     1535-F-19 1195179 23/02/2023 23/02/2023 Folleto